[Event "Benidorm Bali op-B 20th"]
[Site "Benidorm"]
[Date "2023.12.02"]
[Round "2"]
[White "Amoros Moran, Jose Joaquin"]
[Black "Navarro Rico, Lluis"]
[Result "0-1"]
[WhiteElo "1779"]
[BlackElo "1965"]
[PlyCount "54"]
[EventDate "2023.12.01"]
[EventType "swiss"]
[EventRounds "9"]
[EventCountry "ESP"]
[SourceTitle "CB51_2023"]
[SourceDate "2023.12.20"]
[SourceVersion "1"]
[SourceVersionDate "2023.12.20"]
[SourceQuality "1"]

1. e4 e6 2. d4 d5 3. e5 c5 4. c3 Qb6 5. Nf3 Nc6 6. Bd3 cxd4 7. 0-0 Bd7 8. Re1 Rc8 9. Nbd2 dxc3 10. bxc3 Bc5 11. Rb1 Qc7 12. Nb3 Bb6 13. Nbd4 Nxd4 14. Nxd4 Ne7 15. Bd2 Qc5 16. Qe2 a6 17. Be3 Qc7 18. Rxb6 Qxb6 19. Nf5 Qa5 20. Nxg7+ Kd8 21. Rb1 b5 22. Qg4 Rc6 23. Qg5 Qxc3 24. Bf1 Qc2 25. Qf6 Qxb1 26. Nxe6+ fxe6 27. Qxh8+ Be8 0-1

[Event "Guardamar Esphouses op 1st"]
[Site "Guardamar del Segura"]
[Date "2023.09.06"]
[Round "4"]
[White "Djabri, Massinas"]
[Black "Amoros Moran, Jose Joaquin"]
[Result "1-0"]
[WhiteElo "2228"]
[BlackElo "1837"]
[PlyCount "97"]
[EventDate "2023.09.04"]
[EventType "swiss"]
[EventRounds "9"]
[EventCountry "ESP"]
[SourceTitle "EXT 2024"]
[Source "ChessBase"]
[SourceDate "2023.10.10"]
[SourceVersion "1"]
[SourceVersionDate "2023.10.10"]
[SourceQuality "1"]

1. d4 Nf6 2. c4 e6 3. Nf3 b6 4. g3 Ba6 5. Qa4 Bb7 6. Bg2 g6 7. 0-0 Bg7 8. Qa3 Qe7 9. Bf4 Qxa3 10. Nxa3 Na6 11. Nb5 0-0 12. Bxc7 Nxc7 13. Nxc7 Rac8 14. Nb5 Bxf3 15. Bxf3 Rxc4 16. e3 d5 17. b3 Rc2 18. Rfc1 Rfc8 19. Rxc2 Rxc2 20. Nxa7 Bf8 21. Nb5 g5 22. g4 Kg7 23. a3 Kg6 24. b4 Be7 25. Bd1 Rc8 26. Be2 h5 27. gxh5+ Nxh5 28. Ra2 f5 29. Bd3 Rc1+ 30. Kg2 Rd1 31. Be2 Rc1 32. Rd2 g4 33. Bd3 Kf6 34. Rc2 Rd1 35. Be2 Re1 36. h3 gxh3+ 37. Kxh3 Ng7 38. f4 Rh1+ 39. Kg2 Rh8 40. Rc6 Rb8 41. Bf3 Kf7 42. Rc7 Kf8 43. Kf2 Ne8 44. Rc6 Ng7 45. Nc7 Kf7 46. Nxe6 Ra8 47. Bxd5 Rxa3 48. Nc5+ Ke8 49. Rc8+ 1-0

[Event "Almansa op-B"]
[Site "Almansa"]
[Date "2022.08.12"]
[Round "6"]
[White "Reig Albero, Ferran"]
[Black "Amoros Moran, Jose Joaquin"]
[Result "1-0"]
[WhiteElo "1970"]
[BlackElo "1865"]
[PlyCount "134"]
[EventDate "2022.08.10"]
[EventType "swiss"]
[EventRounds "8"]
[EventCountry "ESP"]
[SourceTitle "CBM 210 Extra"]
[Source "ChessBase"]
[SourceDate "2022.11.30"]
[SourceVersion "1"]
[SourceVersionDate "2022.11.30"]
[SourceQuality "1"]

1. e4 c5 2. Nf3 d6 3. d4 cxd4 4. Nxd4 Nf6 5. Nc3 Nc6 6. Bg5 e6 7. Qd2 a6 8. f3 h6 9. Be3 Be7 10. 0-0-0 Nxd4 11. Bxd4 b5 12. Bd3 Qa5 13. Kb1 b4 14. Ne2 e5 15. Be3 Be6 16. Nc1 0-0 17. g4 d5 18. g5 d4 19. Bxd4 exd4 20. gxf6 Bxf6 21. Rhg1 Qh5 22. f4 Rfd8 23. Qg2 Qh3 24. Qe2 Qe3 25. Qxe3 dxe3 26. Ne2 Be7 27. Rg3 Kf8 28. Rxe3 Bg4 29. Rd2 Bxe2 30. Rdxe2 a5 31. Rg3 g5 32. fxg5 hxg5 33. Rf3 f6 34. e5 Kg7 35. Rh3 Rh8 36. Rxh8 Rxh8 37. exf6+ Bxf6 38. Bf5 Rd8 39. Re1 Rd2 40. h3 a4 41. Bg4 b3 42. axb3 axb3 43. c3 Rd6 44. Be6 Rb6 45. Re3 Be7 46. Bxb3 Bc5 47. Re5 Bf2 48. Rxg5+ Kf6 49. Rg2 Bd4 50. Kc2 Be5 51. Rf2+ Kg5 52. Rf3 Kh4 53. Bc4 Bg3 54. Bf1 Be1 55. b4 Kg5 56. b5 Rf6 57. Rxf6 Kxf6 58. Kd3 Bf2 59. Ke4 Be1 60. c4 Ke6 61. c5 Bf2 62. Bc4+ Kd7 63. Kd5 Bh4 64. Be2 Kc7 65. Bf3 Bg3 66. b6+ Kb8 67. c6 Bf4 1-0

[Event "ESP-ch 83rd"]
[Site "Linares"]
[Date "2018.08.25"]
[Round "6"]
[White "Amoros Moran, Jose Joaquin"]
[Black "Blazquez Gomez, Miguel"]
[Result "0-1"]
[WhiteElo "1908"]
[BlackElo "1998"]
[PlyCount "84"]
[EventDate "2018.08.20"]
[EventType "swiss"]
[EventRounds "9"]
[EventCountry "ESP"]
[SourceTitle "CBM 186 Extra"]
[Source "ChessBase"]
[SourceDate "2018.08.24"]
[SourceVersion "1"]
[SourceVersionDate "2018.08.24"]
[SourceQuality "1"]

1. e4 c5 2. Nf3 d6 3. d4 cxd4 4. Nxd4 Nf6 5. Nc3 g6 6. Be3 Bg7 7. f3 0-0 8. Qd2 Nc6 9. g4 Ne5 10. 0-0-0 Be6 11. Bh6 Rc8 12. Bxg7 Kxg7 13. g5 Nh5 14. f4 Nc4 15. Nxe6+ fxe6 16. Qd4+ e5 17. fxe5 Nxe5 18. Qxa7 Qc7 19. Kb1 Nf4 20. Qe3 Ne6 21. Be2 Qa5 22. h4 Rxc3 23. Qxc3 Qxc3 24. bxc3 Rc8 25. c4 Nc5 26. Bd3 Rc6 27. Rdf1 Ra6 28. h5 gxh5 29. Rxh5 Ra8 30. Rfh1 Rh8 31. R1h3 Ne6 32. Rg3 Nf4 33. Rh2 b6 34. Kb2 Rc8 35. Kb3 Ra8 36. a4 Ra5 37. Rf2 Ne6 38. Rh2 Nc5+ 39. Kb4 Rxa4+ 40. Kb5 Ra2 41. Bf1 Rb2+ 42. Rb3 Nxb3 0-1

[Event "ESP-ch 83rd"]
[Site "Linares"]
[Date "2018.08.23"]
[Round "4"]
[White "Amoros Moran, Jose Joaquin"]
[Black "Perez Beltran, Salvador"]
[Result "0-1"]
[WhiteElo "1908"]
[BlackElo "2018"]
[PlyCount "87"]
[EventDate "2018.08.20"]
[EventType "swiss"]
[EventRounds "9"]
[EventCountry "ESP"]
[SourceTitle "CBM 186 Extra"]
[Source "ChessBase"]
[SourceDate "2018.08.24"]
[SourceVersion "1"]
[SourceVersionDate "2018.08.24"]
[SourceQuality "1"]

1. e4 c5 2. Nf3 e6 3. d4 cxd4 4. Nxd4 Nc6 5. Nc3 Qc7 6. Be3 Nf6 7. f3 Be7 8. Qd2 a6 9. g4 b5 10. 0-0-0 Nxd4 11. Bxd4 Bb7 12. h4 Rc8 13. Bg2 e5 14. Bf2 Bb4 15. Be1 d5 16. a3 Bxc3 17. Qxc3 dxe4 18. Qxc7 Rxc7 19. Ba5 Rd7 20. Rxd7 Kxd7 21. g5 Nd5 22. Bh3+ Ke7 23. fxe4 Nf4 24. Bb4+ Ke8 25. Bg4 h5 26. gxh6 Rxh6 27. Rd1 Ne6 28. h5 Bxe4 29. Re1 f5 30. Bd1 Nf4 31. Bd2 Rc6 32. Rg1 Rxc2+ 33. Bxc2 Ne2+ 34. Kd1 Nxg1 35. Bxe4 fxe4 36. h6 gxh6 37. Bxh6 Kd7 38. Kd2 Ke6 39. Ke3 Kd5 40. Bg7 Nf3 41. Bf8 Ne1 42. Kd2 Nd3 43. b3 Kd4 44. b4 0-1

[Event "Almansa op-B 12th"]
[Site "Almansa"]
[Date "2017.08.04"]
[Round "7"]
[White "Jarque Megias, Juan Jose"]
[Black "Amoros Moran, Jose Joaquin"]
[Result "1/2-1/2"]
[WhiteElo "1937"]
[BlackElo "1900"]
[PlyCount "84"]
[EventDate "2017.08.01"]
[EventType "swiss"]
[EventRounds "9"]
[EventCountry "ESP"]
[SourceTitle "EXT 2019"]
[Source "ChessBase"]
[SourceDate "2018.10.10"]
[SourceVersion "1"]
[SourceVersionDate "2018.10.10"]
[SourceQuality "1"]

1. e4 c5 2. Nf3 d6 3. d4 cxd4 4. Qxd4 Nc6 5. Bb5 Bd7 6. Bxc6 Bxc6 7. Nc3 Nf6 8. Bg5 e6 9. 0-0-0 Be7 10. Rhe1 0-0 11. Kb1 Qc7 12. h3 Rfd8 13. Qe3 a6 14. g4 b5 15. a3 Qb7 16. Nd4 Rac8 17. f4 Ne8 18. Bxe7 Qxe7 19. f5 Bd7 20. Qf3 Rc5 21. Rf1 Rdc8 22. h4 a5 23. Nb3 R5c7 24. Nxa5 Qxh4 25. e5 Qe7 26. f6 Qf8 27. exd6 Rxc3 28. bxc3 Nxf6 29. Qb7 Rb8 30. Qc7 Rc8 31. Rxf6 Rxc7 32. dxc7 Qc8 33. Rf3 Qxc7 34. Nb3 Bc6 35. Rfd3 g6 36. Kb2 Bd5 37. Rd4 Kg7 38. Rb4 Bc4 39. Nd4 Qc5 40. Nb3 Qc7 41. Nd4 Qc5 42. Nb3 Qc7 1/2-1/2

[Event "Almansa op-B 12th"]
[Site "Almansa"]
[Date "2017.08.02"]
[Round "2"]
[White "Amoros Moran, Jose Joaquin"]
[Black "Navio Lopez, Manuel Alberto"]
[Result "1/2-1/2"]
[WhiteElo "1900"]
[BlackElo "1667"]
[PlyCount "56"]
[EventDate "2017.08.01"]
[EventType "swiss"]
[EventRounds "9"]
[EventCountry "ESP"]
[SourceTitle "EXT 2019"]
[Source "ChessBase"]
[SourceDate "2018.10.10"]
[SourceVersion "1"]
[SourceVersionDate "2018.10.10"]
[SourceQuality "1"]

1. e4 e6 2. d4 d5 3. e5 c5 4. c3 Nc6 5. Nf3 Qb6 6. a3 c4 7. Nbd2 Na5 8. Rb1 Bd7 9. Be2 0-0-0 10. 0-0 Nh6 11. Re1 f5 12. exf6 gxf6 13. b3 cxb3 14. c4 Ba4 15. Bd3 Qc6 16. Qe2 Re8 17. cxd5 exd5 18. Qxe8+ Qxe8 19. Rxe8+ Bxe8 20. Nxb3 Nc4 21. Nc5 b6 22. Ne6 Nf7 23. Nd2 Nxd2 24. Ba6+ Kd7 25. Nxf8+ Rxf8 26. Bxd2 Nd6 27. Rc1 Bf7 28. Bb4 Re8 1/2-1/2

[Event "ESP-ch Seniors 50"]
[Site "Altea"]
[Date "2016.10.14"]
[Round "7"]
[White "Brusi Noguera, Ricardo Ll"]
[Black "Amoros Moran, Jose Joaquin"]
[Result "1-0"]
[WhiteElo "2127"]
[BlackElo "1832"]
[PlyCount "43"]
[EventDate "2016.10.09"]
[EventType "swiss"]
[EventRounds "9"]
[EventCountry "ESP"]
[SourceTitle "EXT 2024"]
[Source "ChessBase"]
[SourceDate "2023.10.10"]
[SourceVersion "1"]
[SourceVersionDate "2023.10.10"]
[SourceQuality "1"]

1. d4 Nf6 2. c4 b6 3. f3 e6 4. e4 d5 5. cxd5 exd5 6. e5 Nfd7 7. Nc3 Bb4 8. a3 Bxc3+ 9. bxc3 0-0 10. Bd3 Re8 11. Ne2 c5 12. 0-0 c4 13. Bb1 Nf8 14. Ng3 g6 15. f4 a5 16. f5 Qd7 17. Qd2 Nc6 18. Qh6 Nd8 19. Bg5 gxf5 20. Nh5 f6 21. exf6 f4 22. Rxf4 1-0

[Event "Valenciana Comunity op"]
[Site "L'Alfas del Pi"]
[Date "2011.06.19"]
[Round "7"]
[White "Montalban Galvez, Antonio"]
[Black "Amoros Moran, Jose Joaquin"]
[Result "1-0"]
[WhiteElo "2159"]
[BlackElo "1975"]
[PlyCount "69"]
[EventDate "2011.06.11"]
[EventType "swiss"]
[EventRounds "7"]
[EventCountry "ESP"]
[SourceTitle "EXT 2013"]
[Source "ChessBase"]
[SourceDate "2012.11.22"]
[SourceVersion "1"]
[SourceVersionDate "2012.11.22"]
[SourceQuality "1"]

1. Nf3 Nf6 2. c4 g6 3. g3 Bg7 4. Bg2 d6 5. d4 0-0 6. 0-0 Nc6 7. Nc3 a6 8. h3 Rb8 9. e4 e5 10. Be3 b5 11. cxb5 axb5 12. dxe5 dxe5 13. Rc1 Bd7 14. Bc5 Re8 15. Qe2 Na5 16. Rfd1 Qc8 17. Kh2 Bh6 18. Be3 Bxe3 19. Qxe3 Kg7 20. b3 Nb7 21. Nd5 Nxd5 22. Rxd5 f6 23. Ne1 c5 24. f4 Be6 25. Rdd1 c4 26. Nd3 Qc7 27. fxe5 fxe5 28. Nb2 Na5 29. Qd2 Rbc8 30. Qb4 c3 31. Qxb5 Rb8 32. Qd3 Rbc8 33. Na4 Red8 34. Rxc3 Rxd3 35. Rxc7+ 1-0

[Event "Valenciana Comunity op"]
[Site "L'Alfas del Pi"]
[Date "2011.06.11"]
[Round "1"]
[White "Granero Roca, Antonio"]
[Black "Amoros Moran, Jose Joaquin"]
[Result "1-0"]
[WhiteElo "2444"]
[BlackElo "1975"]
[PlyCount "83"]
[EventDate "2011.06.11"]
[EventType "swiss"]
[EventRounds "7"]
[EventCountry "ESP"]
[SourceTitle "EXT 2013"]
[Source "ChessBase"]
[SourceDate "2012.11.22"]
[SourceVersion "1"]
[SourceVersionDate "2012.11.22"]
[SourceQuality "1"]

1. Nf3 c5 2. g3 Nf6 3. Bg2 g6 4. d3 Bg7 5. 0-0 0-0 6. c4 Nc6 7. Nc3 d6 8. a3 Nh5 9. Rb1 f5 10. Nd5 h6 11. b4 e6 12. Nf4 Nxf4 13. gxf4 e5 14. fxe5 dxe5 15. Bb2 Qe7 16. bxc5 g5 17. Nd2 Bd7 18. Bc3 Rab8 19. e3 Qxc5 20. Bd5+ Kh8 21. a4 Qe7 22. Qh5 g4 23. Qg6 Qh4 24. Qd6 Rfd8 25. f4 Qh3 26. Rbe1 Kh7 27. Bf7 Be8 28. Qg6+ Kh8 29. Bxe8 Rxe8 30. Qxf5 Rg8 31. Ne4 Rbf8 32. Qe6 Re8 33. Qd7 Rd8 34. Qxb7 exf4 35. Qb2 Rxd3 36. Bxg7+ Rxg7 37. Nf2 Qh4 38. Nxd3 g3 39. Nxf4 Ne5 40. h3 g2 41. Qxe5 gxf1Q+ 42. Kxf1 1-0

[Event "Benidorm op U2000 09th"]
[Site "Benidorm"]
[Date "2010.12.03"]
[Round "1"]
[White "Amoros Moran, Jose Joaquin"]
[Black "Maseda Iglesias, Luis"]
[Result "1/2-1/2"]
[WhiteElo "1989"]
[BlackElo "1787"]
[PlyCount "58"]
[EventDate "2010.12.03"]
[EventType "swiss"]
[EventRounds "10"]
[EventCountry "ESP"]
[SourceTitle "CBM 139 Extra"]
[Source "ChessBase"]
[SourceDate "2011.01.05"]
[SourceVersion "1"]
[SourceVersionDate "2011.01.05"]
[SourceQuality "1"]

1. e4 e6 2. d4 d5 3. e5 c5 4. c3 Nc6 5. Nf3 Qb6 6. a3 Nh6 7. b4 cxd4 8. cxd4 Nf5 9. Bb2 Bd7 10. Be2 Be7 11. 0-0 f6 12. Bd3 0-0 13. Bxf5 exf5 14. Nc3 Be6 15. Re1 fxe5 16. Nxe5 Nxe5 17. dxe5 Rad8 18. Na4 Qb5 19. Bd4 b6 20. Nc3 Qd7 21. f4 Rc8 22. Re3 Rc4 23. Rh3 Rfc8 24. Qd3 g6 25. Rd1 Qc6 26. Ne2 Qa4 27. Nc3 Rxc3 28. Bxc3 Rxc3 29. Qxc3 Qxd1+ 1/2-1/2

[Event "Benidorm op U2000 07th"]
[Site "Benidorm"]
[Date "2008.12.03"]
[Round "5"]
[White "Romero Gomez, Juan Carlos"]
[Black "Amoros Moran, Jose Joaquin"]
[Result "0-1"]
[WhiteElo "1839"]
[BlackElo "1988"]
[PlyCount "76"]
[EventDate "2008.11.29"]
[EventType "swiss"]
[EventRounds "9"]
[EventCountry "ESP"]
[SourceTitle "CBM 127 Extra"]
[Source "ChessBase"]
[SourceDate "2009.01.08"]
[SourceVersion "2"]
[SourceVersionDate "2009.01.28"]
[SourceQuality "1"]

1. e4 c5 2. c3 d6 3. d4 Nf6 4. Bd3 e5 5. Nf3 Nc6 6. d5 Nb8 7. h3 Be7 8. 0-0 0-0 9. Re1 h6 10. Na3 Nh7 11. Be3 a6 12. b4 b6 13. Rb1 f5 14. Qe2 f4 15. Bd2 cxb4 16. Rxb4 g5 17. Reb1 Nd7 18. Nc4 b5 19. Na3 h5 20. Nh2 Qe8 21. c4 Qg6 22. Be1 Nc5 23. cxb5 axb5 24. Nxb5 Nxd3 25. Qxd3 g4 26. hxg4 hxg4 27. Nc3 Ng5 28. Rb8 Nf3+ 29. Nxf3 gxf3 30. Qxf3 Bg4 31. Rxf8+ Rxf8 32. Qd3 f3 33. g3 Rf7 34. Rb8+ Bf8 35. Nd1 Rh7 36. Rxf8+ Kxf8 37. Qb5 Qh5 38. Qb8+ Ke7 0-1

[Event "Benidorm op 20th"]
[Site "Benidorm"]
[Date "2007.04.23"]
[Round "2"]
[White "Llanes Hurtado, Miguel"]
[Black "Amoros Moran, Jose Joaquin"]
[Result "1-0"]
[WhiteElo "2441"]
[BlackElo "2039"]
[PlyCount "61"]
[EventDate "2007.04.23"]
[EventType "swiss"]
[EventRounds "10"]
[EventCountry "ESP"]
[SourceTitle "CBM 118 Extra"]
[Source "ChessBase"]
[SourceDate "2007.07.04"]
[SourceVersion "1"]
[SourceVersionDate "2007.07.04"]
[SourceQuality "1"]

1. d4 Nf6 2. c4 g6 3. Nc3 Bg7 4. e4 d6 5. Nf3 0-0 6. Be2 e5 7. Be3 Ng4 8. Bg5 f6 9. Bc1 Nc6 10. d5 Ne7 11. h3 Nh6 12. h4 c6 13. h5 cxd5 14. Bxh6 Bxh6 15. hxg6 Kg7 16. gxh7 d4 17. Nd5 Rh8 18. Nxf6 Ng6 19. Nd5 Rxh7 20. g3 Be6 21. Nh4 Nxh4 22. Rxh4 Bg5 23. Rxh7+ Kxh7 24. Bg4 Qg8 25. Bf5+ Kh6 26. Qf3 Bf7 27. Ke2 Kg7 28. Rh1 Kf8 29. Be6 Re8 30. Bxf7 Qxf7 31. Rh8+ 1-0